000 00358cam a2200157ua 4500
041 _amal
_h
100 _aHeli, R .
245 _aKrishipadam /
_cR.heli.
_hTextual Documents
250 _a2 /
_b.
260 _aTrivandrum :
_bAuthentic books ,
_c2006.
300 _a ;
_e`.
504 _a
942 _cBK
999 _c13020
_d13020